Catalog

Record Details

Catalog Search



Sv. Benedikt  Cover Image Book Book

Sv. Benedikt / Red. Maurus Verzich, Radim Valík, Anastáz Opasek ; [Úvod] A. Opasek

Verzich, Maurus, 1911-1992 (Compiler). Opasek, Anastáz, 1913-1999 (Compiler, Author of introduction, etc.). Valík, Radim, 1931- (Compiler).

Record details

  • ISBN: 80-900335-9-8
  • Physical Description: 193 s. ; 18 cm
  • Edition: 1. vyd. [v ČSFR]
  • Publisher: Praha : Scriptum, 1992

Content descriptions

General Note:
5000 výt.
1. vyd. vyšlo r. 1980 v Římě
Subject: Benedikt z Nursie, svatý, asi 480-asi 543
Genre: monografie

Available copies

  • 1 of 1 copy available at Common Catalog SPOK.

Holds

  • 0 current holds with 1 total copy.
Show Only Available Copies
Location Call Number / Copy Notes Barcode Shelving Location Status Due Date
Jabok Library CD-8.13.2 424480011444 Odborná literatura Available -

LDR 01480nam a2200373 a 4500
00112693
003CZ-PrJAB
00520190814104343.0
007tu
008921217s1992 xr f u0|0 | cze
015 . ‡acnb000068386 ‡zcnb000095751
020 . ‡a80-900335-9-8 ‡q(brož.) ‡z80-900355-9-8 : ‡cKčs 45,00
035 . ‡a(CZ PrNK)ck9203753
035 . ‡a(OCoLC)39565189
035 . ‡a(OCoLC)85634494
040 . ‡aABA001 ‡bcze ‡dABA001
080 . ‡a929 ‡2undef
080 . ‡a27 ‡2undef
24500. ‡aSv. Benedikt / ‡cRed. Maurus Verzich, Radim Valík, Anastáz Opasek ; [Úvod] A. Opasek
250 . ‡a1. vyd. [v ČSFR]
260 . ‡aPraha : ‡bScriptum, ‡c1992
300 . ‡a193 s. ; ‡c18 cm
500 . ‡a5000 výt.
500 . ‡a1. vyd. vyšlo r. 1980 v Římě
60007. ‡aBenedikt z Nursie, ‡csvatý, ‡dasi 480-asi 543 ‡7jn19990000660 ‡2czenas
655 7. ‡amonografie ‡7fd132842 ‡2czenas
7001 . ‡aVerzich, Maurus, ‡d1911-1992 ‡7kpwa807 ‡4com
7001 . ‡aOpasek, Anastáz, ‡d1913-1999 ‡7jk01091154 ‡4com ‡4aui
7001 . ‡aValík, Radim, ‡d1931- ‡7kpwa1593 ‡4com
910 . ‡aABG312
995 . ‡aska
901 . ‡a12693 ‡bCZ PrNK ‡c12693 ‡tbiblio

Additional Resources